000 01420cam a2200373Ia 4500
001 4622063
003 ARRUPE
005 20161128114035.0
008 780512s1951 enk b 001 0 eng d
035 _a(OCoLC)ocm03888905
035 _a(NNC)4622063
040 _aCDC
_cCDC
_dBHA
_dOCL
098 _aGM3
100 0 _aPseudo-Dionysius,
_cthe Areopagite.
_924154
245 1 0 _aDionysius, the Areopagite, On the divine names, and, Mystical theology /
_c[translated] by C.E. Rolt.
250 _aNew ed.
260 _aLondon :
_bSociety for promoting Christian knowledge ;
_aNew York :
_bMacmillan,
_c1951.
300 _aviii, 223 p. ;
_c19 cm.
490 1 _aTranslations of Christian literature. Ser. I, Greek texts
500 _aIncludes index.
504 _aBibliography: p. 47-49.
650 0 _aGod
_xName.
_927584
650 0 _aMysticism
_xHistory
_yEarly church, ca. 30-600.
_92137
700 1 _aRolt, C. E.
_q(Clarence Edwin)
_927585
700 0 2 _aPseudo-Dionysius,
_cthe Areopagite.
_tMystical theology.
_lEnglish.
_927586
700 0 _aPseudo-Dionysius,
_cthe Areopagite.
_tOn the divine names.
_lEnglish.
_927587
740 0 1 _aOn the divine names, and, Mystical theology.
740 0 1 _aOn the divine names.
740 4 1 _aThe divine names.
740 0 1 _aMystical theology.
830 0 _aTranslations of Christian literature.
_nSeries I,
_pGreek texts.
_927588
942 _2lcc
_cMONOGRAPH
999 _c125769
_d125769